00965nam a2200241 a 4500001001000000003000500010005001700015008004100032010001100073011001100084040000900095100003600104245018000140260004000320500006000360502009600420650002700516650003500543650002500578650002400603650002600627856007000653000113457CHAP20220329144355.0170628s2017 mx sm |||||||spa d a109918 a110890 cCHAP1 aTreviño Muñiz, José Angel10aHuella hídrica y productividad del suelo, capital y trabajo en el cultivo de nogal (Carya illinoinensis) en Lerdo, Durangoh[En línea]cpor José Angel Treviño Muñiz. aDurango, Méx. :bEl autor,c2017. aPara ver el contenido del material haga clic en la liga aTesis (Ing. en Sistemas Agricolas) -- UACH. Unidad Regional Universitaria de Zonas Áridas14aNogalxAgua requerida.14aNogalxCostos de producción.14aNogalxIrrigación.14aNogalxRendimiento.14aSuelosxProducción. aFinding aiduhttp://10.13.5.2/tesis/sist113457.pdfzTeclea aquí